Metodická príručka pre ochranu rastlín časť 1. (Herbicídy, desikanty, defolianty)

Bibliographic Details
Main Author: Kohaut, Pavol (Author)
Format: Book
Language:Slovak
PhysicalDescription:188 s. ilustr., sch., tab. 29 cm
Published: Bratislava AT publishing 2008
ISBN:9788088954477
Edition:1. vyd.
Subjects:

MARC

LEADER 00000nam a2200000 a 4500
001 vtls009308904
003 SK-MaSNL
005 20260301125526.0
008 240318s2008 xo al f 000 0 slo
015 |a SNBA2008/06-02962 
020 |a 9788088954477  |q (brož.) 
035 |a 6FD2D643-7A78-4F15-99DE-583386AD3DAE 
035 |a urn:nbn:sk:snk-amkt42 
035 |a urn:nbn:sk:snk-am0056pi 
040 |a SNK  |b slo  |c SNK  |e AACR2 
041 0 |a slo 
044 |a xo  |c SK 
072 7 |a 632  |x Ochrana rastlín. Fytopatológia  |2 konspekt 
080 |a 632.9  |2 2001 
080 |a 502.172:582  |2 2001 
080 |a 632.954  |2 2001 
080 |a 632.931.4  |2 2001 
080 |a 613.6  |2 2001 
080 |a 502.17  |2 2001 
080 |a (072)  |2 2001 
100 1 |a Kohaut, Pavol  |4 aut  |9 8880 
245 1 0 |a Metodická príručka pre ochranu rastlín  |n časť 1.  |p (Herbicídy, desikanty, defolianty)  |c [autor: Pavol Kohaut] 
246 3 0 |a Herbicídy, desikanty, defolianty 
250 |a 1. vyd. 
260 |a Bratislava  |b AT publishing  |c 2008 
300 |a 188 s.  |b ilustr., sch., tab.  |c 29 cm 
504 |a Bibliogr. s. 6. Slovníky. Vysvetl. skrat. použ. v tab. 
650 0 7 |a ochrana rastlín  |2 SNKPH  |9 3636 
650 0 7 |a ničenie buriny  |2 SNKPH  |9 68202 
650 0 7 |a hygiena práce  |2 SNKPH  |9 1298 
650 0 7 |a ochrana životného prostredia  |2 SNKPH  |9 3352 
650 0 7 |a herbicídy  |2 SNKPH  |9 14852 
650 0 7 |a desikanty  |2 SNKPH  |9 21638 
650 0 7 |a defolianty  |2 SNKPH  |9 51180 
650 0 7 |a Plant conservation  |2 SNKPHeng  |9 275972 
650 0 7 |a Herbicides  |2 SNKPHeng  |9 321696 
650 0 7 |a Desiccants  |2 SNKPHeng  |9 475621 
650 0 7 |a Weed control  |2 SNKPHeng  |9 447274 
650 0 7 |a Industrial hygiene  |2 SNKPHeng  |9 316540 
650 0 7 |a Environmental protection  |2 SNKPHeng  |9 265610 
655 7 |a metodické príručky  |2 SNKPH  |9 70250 
655 7 |a Methodological manuals  |2 SNKPHeng  |9 270866 
919 |a 978-80-88954-47-7 
958 |a NB 
968 |d 63 
999 |c 742713  |d 744643 
952 |a SNK  |b SNK  |y PREZ  |7 0  |p 17A0593650  |o snkSB 76348/1  |i snk2008/13567  |8 0  |0 0  |1 0  |4 0  |d 2008-07-03  |f 1  |l 0  |r 2025-04-30 00:00:00  |w 2026-02-23 
952 |a SNK  |b SNK  |y VYP  |7 0  |p 17A0593651  |o snkSB 76348/1 D1  |i snk2008/13568  |8 0  |0 0  |1 0  |4 0  |d 2008-07-03  |l 0  |r 2016-06-30 00:00:00  |w 2026-02-23